The Cases That India Forgot (Record no. 351291)
[ view plain ]
| 000 -LEADER | |
|---|---|
| fixed length control field | 00460nam a2200169Ia 4500 |
| 008 - FIXED-LENGTH DATA ELEMENTS--GENERAL INFORMATION | |
| fixed length control field | 230718s9999 xx 000 0 und d |
| 020 ## - INTERNATIONAL STANDARD BOOK NUMBER | |
| International Standard Book Number | 9789353450823 |
| 041 ## - LANGUAGE CODE | |
| Language code of text/sound track or separate title | eng |
| 082 ## - DEWEY DECIMAL CLASSIFICATION NUMBER | |
| Classification number | 347.5409 |
| Item number | CHA |
| 100 ## - MAIN ENTRY--PERSONAL NAME | |
| Personal name | Chandrachud C. |
| 9 (RLIN) | 202047 |
| 245 ## - TITLE STATEMENT | |
| Title | The Cases That India Forgot |
| 260 ## - PUBLICATION, DISTRIBUTION, ETC. (IMPRINT) | |
| Date of publication, distribution, etc. | 2019 |
| Name of publisher, distributor, etc. | Juggernaut |
| 300 ## - PHYSICAL DESCRIPTION | |
| Extent | 229 |
| 365 ## - TRADE PRICE | |
| Currency code | Rs. |
| Price amount | 599.00 |
| 700 ## - ADDED ENTRY--PERSONAL NAME | |
| Personal name | Chandrachud C. |
| 9 (RLIN) | 202047 |
| 906 ## - LOCAL DATA ELEMENT F, LDF (RLIN) | |
| d | O:0706418-Feb-2020B:566003-Feb-2020 |
| c | GENRL |
| b | 149.75 |
| Withdrawn status | Lost status | Damaged status | Not for loan | Home library | Current library | Date acquired | Vendor | Budget Code | Cost, normal purchase price | Bill number | Total Checkouts | Full call number | Barcode | Date last seen | Date last checked out | Discount | Cost, replacement price | Bill Date | Koha item type | Original Barcode |
|---|---|---|---|---|---|---|---|---|---|---|---|---|---|---|---|---|---|---|---|---|
| Cummins College of Engineering for Women Pune | Cummins College of Engineering for Women Pune | 18/02/2020 | Technical Book Services | GENRL | 449.25 | 5660 | 1 | 347.5409 | CCEP-BK-62502 | 24/01/2024 | 08/01/2024 | 149.75 | 599.00 | 03/02/2020 | Books | 062502 |